Học tốt ngữ văn 9

Sách là tài liệu tham khảo giúp giáo viên, học sinh trung học cơ sở có thêm tư liệu để dạy và học tốt hơn bộ môn Ngữ văn.

Bewaard in:
Bibliografische gegevens
Hoofdauteur: Phạm, An Miên
Formaat: Boek
Taal:Undetermined
Gepubliceerd in: Thành phố Hồ Chí Minh Đại học Quốc gia Thành phố Hồ Chí Minh 2005
Onderwerpen:
Tags: Voeg label toe
Geen labels, Wees de eerste die dit record labelt!
Thư viện lưu trữ: Trung tâm Học liệu Trường Đại học Cần Thơ
LEADER 00850nam a2200217Ia 4500
001 CTU_116277
008 210402s9999 xx 000 0 und d
020 |c 17500 
082 |a 495.9220712 
082 |b M305/T.2/L.9 
100 |a Phạm, An Miên 
245 0 |a Học tốt ngữ văn 9 
245 0 |c Phạm An Miên, Nguyễn Lê Huân 
260 |a Thành phố Hồ Chí Minh 
260 |b Đại học Quốc gia Thành phố Hồ Chí Minh 
260 |c 2005 
520 |a Sách là tài liệu tham khảo giúp giáo viên, học sinh trung học cơ sở có thêm tư liệu để dạy và học tốt hơn bộ môn Ngữ văn. 
650 |a Vietnamese language 
650 |x Study and teaching 
904 |i Tuyến 
980 |a Trung tâm Học liệu Trường Đại học Cần Thơ